[Event "Heusenstamm Schloss op"]
[Site "Heusenstamm"]
[Date "2023.11.25"]
[Round "5"]
[White "Steinle, Carsten"]
[Black "Stehning, Ralf"]
[Result "1-0"]
[WhiteElo "1969"]
[BlackElo "1824"]
[PlyCount "90"]
[EventDate "2023.11.23"]
[EventType "swiss"]
[EventRounds "7"]
[EventCountry "GER"]
[SourceTitle "CB50_2023"]
[SourceDate "2023.12.13"]
[SourceVersion "1"]
[SourceVersionDate "2023.12.13"]
[SourceQuality "1"]

1. Nf3 d5 2. e3 Nf6 3. b3 g6 4. Bb2 Bg7 5. c4 c6 6. Be2 Nbd7 7. 0-0 0-0 8. d3 Re8 9. Nbd2 e5 10. cxd5 cxd5 11. Qc2 b6 12. d4 e4 13. Ne1 Bb7 14. Ba3 Rc8 15. Qb2 Qc7 16. Rd1 h5 17. h3 Bh6 18. Rc1 Qxc1 19. Qxc1 Rxc1 20. Bxc1 Rc8 21. Bb2 Bf8 22. a3 Nb8 23. b4 a6 24. f3 Bh6 25. Kf2 Re8 26. fxe4 Nxe4+ 27. Nxe4 Rxe4 28. Bc1 Nd7 29. Bf3 Re8 30. Ke2 Nf6 31. Nd3 Nd7 32. g4 h4 33. Bd2 Bg7 34. Rc1 Bxd4 35. Rc7 Bxe3 36. Rxb7 Bd4+ 37. Kd1 Nf6 38. Bg5 Ne4 39. Bxh4 Nc3+ 40. Kc2 Rc8 41. Kb3 Ne4 42. Be1 f5 43. Nf4 Bf2 44. Nxd5 Bxe1 45. Bxe4 Re8 1-0

[Event "Heusenstamm Schloss op"]
[Site "Heusenstamm"]
[Date "2023.11.24"]
[Round "3"]
[White "Steinle, Carsten"]
[Black "Raumanns, Niklas"]
[Result "1-0"]
[WhiteElo "1969"]
[BlackElo "1729"]
[PlyCount "73"]
[EventDate "2023.11.23"]
[EventType "swiss"]
[EventRounds "7"]
[EventCountry "GER"]
[SourceTitle "CB50_2023"]
[SourceDate "2023.12.13"]
[SourceVersion "1"]
[SourceVersionDate "2023.12.13"]
[SourceQuality "1"]

1. Nf3 Nf6 2. b3 g6 3. Bb2 Bg7 4. c4 c6 5. e3 d5 6. Be2 0-0 7. 0-0 Bg4 8. d3 Nbd7 9. Nbd2 Re8 10. h3 Bxf3 11. Bxf3 e5 12. Qc2 Rc8 13. Rac1 b5 14. Rfd1 bxc4 15. dxc4 Qa5 16. cxd5 cxd5 17. Qxc8 Rxc8 18. Rxc8+ Bf8 19. a3 Kg7 20. b4 Qa6 21. Rdc1 Qd3 22. R8c2 h5 23. Nb1 Qf5 24. Rd2 e4 25. Be2 Bd6 26. Rc6 Be5 27. Nc3 d4 28. exd4 Bh2+ 29. Kf1 e3 30. Bd3 Qf4 31. Re2 Qxd4 32. Bc2 Ne5 33. Nd1 Qd5 34. Rc5 Qd6 35. Nxe3 Bf4 36. Bxe5 Bxe5 37. Rxe5 1-0

[Event "Heusenstamm Schloss op"]
[Site "Heusenstamm"]
[Date "2022.11.20"]
[Round "7"]
[White "Steinle, Carsten"]
[Black "Voss, Georg"]
[Result "1-0"]
[WhiteElo "2082"]
[BlackElo "1947"]
[PlyCount "155"]
[EventDate "2022.11.17"]
[EventType "swiss"]
[EventRounds "7"]
[EventCountry "GER"]
[SourceTitle "CBM 212 Extra"]
[Source "ChessBase"]
[SourceDate "2023.03.31"]
[SourceVersion "1"]
[SourceVersionDate "2023.03.31"]
[SourceQuality "1"]

1. Nf3 d5 2. b3 Nf6 3. Bb2 e6 4. e3 Be7 5. d4 0-0 6. Nbd2 b6 7. Bd3 Bb7 8. 0-0 c5 9. Ne5 Na6 10. c3 cxd4 11. exd4 Rc8 12. Qe2 Nc7 13. f4 g6 14. Rae1 Bd6 15. Rf3 Nce8 16. Rh3 Bb8 17. Qf2 Ng7 18. c4 dxc4 19. bxc4 b5 20. c5 a6 21. Rc1 Qd5 22. Bc2 Bxe5 23. fxe5 Ng4 24. Qe2 h5 25. Bb3 Qd8 26. Ne4 Bxe4 27. Qxe4 Nf5 28. d5 exd5 29. Bxd5 Qe7 30. e6 f6 31. Rhc3 Kg7 32. h3 Ne5 33. c6 Nd6 34. Qb4 Qc7 35. Re3 Ndc4 36. Bxe5 Qa7 37. Kh2 Qxe3 38. Re1 Qa3 39. Qxa3 Nxa3 40. e7 Rfe8 41. Bb2 Nc4 42. Bd4 Ne5 43. Rxe5 fxe5 44. Bxe5+ Kh7 45. Bd6 a5 46. Kg3 b4 47. Kf4 b3 48. Bxb3 Rxc6 49. Ke5 Rc3 50. Bf7 Rxe7+ 51. Bxe7 Rg3 52. Bd5 Re3+ 53. Kf6 Re2 54. Bf3 Re3 55. Bc5 Re1 56. Bf2 Re8 57. Bc5 a4 58. Bd1 Rc8 59. Be7 Rc1 60. Bxa4 Rc8 61. Kf7 Rc4 62. Bd1 Rf4+ 63. Bf6 Rc4 64. Bf3 Rc7+ 65. Be7 Rc4 66. Bd6 Rd4 67. Be5 Rb4 68. Kf6 Rb6+ 69. Kg5 Rb5 70. Kf4 Rb4+ 71. Be4 Ra4 72. Bf6 Ra5 73. h4 Ra4 74. Ke5 Ra5+ 75. Ke6 Ra6+ 76. Kf7 Ra7+ 77. Be7 Ra6 78. g4 1-0

[Event "Heusenstamm Schloss op"]
[Site "Heusenstamm"]
[Date "2022.11.20"]
[Round "6"]
[White "Von Auer, Ulrich"]
[Black "Steinle, Carsten"]
[Result "1-0"]
[WhiteElo "2025"]
[BlackElo "2082"]
[PlyCount "81"]
[EventDate "2022.11.17"]
[EventType "swiss"]
[EventRounds "7"]
[EventCountry "GER"]
[SourceTitle "CBM 212 Extra"]
[Source "ChessBase"]
[SourceDate "2023.03.31"]
[SourceVersion "1"]
[SourceVersionDate "2023.03.31"]
[SourceQuality "1"]

1. d4 e6 2. c4 Nf6 3. g3 d5 4. Bg2 Be7 5. Nf3 0-0 6. 0-0 c6 7. Qc2 Nbd7 8. Rd1 b6 9. b3 Bb7 10. Nc3 Rc8 11. e4 dxe4 12. Nxe4 Nxe4 13. Qxe4 Qc7 14. Qe2 Nf6 15. Bb2 Rfd8 16. Rd3 c5 17. Rad1 Be4 18. Re3 Bf5 19. Nh4 Bg4 20. f3 Bh5 21. d5 g5 22. Nf5 exf5 23. Rxe7 Qd6 24. Qe5 Qxe5 25. Bxe5 Nd7 26. Bc3 a5 27. a4 Nf8 28. Rde1 Rb8 29. h3 f4 30. gxf4 gxf4 31. Be5 Rbc8 32. Rb7 Ng6 33. Rxb6 Re8 34. Bc3 Re3 35. Bd2 Rd3 36. Bxa5 Nh4 37. Rc6 Ra8 38. Bc7 Bxf3 39. Bf1 Rxb3 40. Rxc5 Ra6 41. d6 1-0

[Event "Heusenstamm Sparkassen op-A 7th"]
[Site "Heusenstamm"]
[Date "2021.11.21"]
[Round "7.27"]
[White "Ungurean, Florin Ioan"]
[Black "Steinle, Carsten"]
[Result "1/2-1/2"]
[WhiteElo "1970"]
[BlackElo "2117"]
[PlyCount "51"]
[EventDate "2021.11.18"]
[EventType "swiss"]
[EventRounds "7"]
[EventCountry "GER"]
[SourceTitle "EXT 2023"]
[Source "ChessBase"]
[SourceDate "2022.10.05"]
[SourceVersion "1"]
[SourceVersionDate "2022.10.05"]
[SourceQuality "1"]

1. d4 c6 2. Nf3 g6 3. Bf4 Qb6 4. Qc1 Nf6 5. h3 Bg7 6. e3 0-0 7. Be2 d6 8. 0-0 Nbd7 9. Nbd2 Re8 10. Bh2 c5 11. c3 Qc7 12. a4 b6 13. a5 Bb7 14. Qb1 Rac8 15. Rd1 Bc6 16. b4 cxb4 17. cxb4 bxa5 18. Rxa5 Rb8 19. Qa2 Rxb4 20. Bc4 e6 21. Rxa7 Rb7 22. Rxb7 Bxb7 23. Qa3 Bf8 24. Bd3 Ra8 25. Qb2 Rb8 26. Qa3 1/2-1/2

[Event "Heusenstamm Sparkassen op-A 7th"]
[Site "Heusenstamm"]
[Date "2021.11.19"]
[Round "3.11"]
[White "Deuer, Marius"]
[Black "Steinle, Carsten"]
[Result "1-0"]
[WhiteElo "2282"]
[BlackElo "2117"]
[PlyCount "83"]
[EventDate "2021.11.18"]
[EventType "swiss"]
[EventRounds "7"]
[EventCountry "GER"]
[SourceTitle "EXT 2023"]
[Source "ChessBase"]
[SourceDate "2022.10.05"]
[SourceVersion "1"]
[SourceVersionDate "2022.10.05"]
[SourceQuality "1"]

1. d4 Nf6 2. Nf3 c6 3. c4 d6 4. g3 Nbd7 5. Bg2 e5 6. Nc3 Be7 7. 0-0 0-0 8. e4 Re8 9. h3 Qc7 10. Be3 a6 11. d5 b5 12. cxb5 cxb5 13. Nd2 Qb8 14. g4 Nf8 15. a4 b4 16. Ne2 N6d7 17. a5 Qb5 18. Ng3 Nc5 19. Re1 Bd7 20. Bf1 Qb8 21. Nc4 Ra7 22. Bxc5 dxc5 23. d6 Bf6 24. Nh5 Ne6 25. f4 Bh4 26. fxe5 Bxe1 27. Qxe1 Qd8 28. Qg3 Nd4 29. Kh2 Qg5 30. Bd3 Bb5 31. h4 Qh6 32. Rf1 Rb7 33. Nf4 g6 34. g5 Qg7 35. Nd5 Bxc4 36. Nf6+ Kf8 37. Nxe8 Kxe8 38. Bxc4 Ra7 39. Rf6 h6 40. e6 fxe6 41. Bxe6 Nxe6 42. Qe5 1-0

[Event "Heusenstamm Sparkassen op-A 7th"]
[Site "Heusenstamm"]
[Date "2021.11.19"]
[Round "2.30"]
[White "Steinle, Carsten"]
[Black "Gloeckler, Christian"]
[Result "1-0"]
[WhiteElo "2117"]
[BlackElo "1397"]
[PlyCount "77"]
[EventDate "2021.11.18"]
[EventType "swiss"]
[EventRounds "7"]
[EventCountry "GER"]
[SourceTitle "EXT 2023"]
[Source "ChessBase"]
[SourceDate "2022.10.05"]
[SourceVersion "1"]
[SourceVersionDate "2022.10.05"]
[SourceQuality "1"]

1. Nf3 Nf6 2. g3 b6 3. Bg2 Bb7 4. b3 g6 5. Bb2 Bg7 6. 0-0 0-0 7. c4 c5 8. Nc3 Nc6 9. d4 Nxd4 10. Nxd4 Bxg2 11. Kxg2 cxd4 12. Qxd4 d6 13. Rad1 Rc8 14. Rd2 Rc5 15. Rfd1 Qd7 16. Nd5 b5 17. Nxf6+ Bxf6 18. Qxc5 dxc5 19. Rxd7 Bxb2 20. cxb5 Bd4 21. Rxa7 Rb8 22. e3 Bf6 23. a4 h5 24. Rc7 Kg7 25. Rxc5 Bb2 26. Rc7 Ba3 27. Rdd7 Kf8 28. Rb7 Rc8 29. a5 Ra8 30. a6 Ke8 31. a7 f6 32. b6 Bc5 33. Rdc7 Bxb6 34. Rxb6 Kd8 35. Rcb7 Kc8 36. Rb8+ Kc7 37. R6b7+ Kc6 38. b4 Rxa7 39. Rxa7 1-0

[Event "Heusenstamm Sparkassen op-A 7th"]
[Site "Heusenstamm"]
[Date "2021.11.18"]
[Round "1.42"]
[White "Mehlen, Theodor"]
[Black "Steinle, Carsten"]
[Result "0-1"]
[WhiteElo "1861"]
[BlackElo "2117"]
[PlyCount "52"]
[EventDate "2021.11.18"]
[EventType "swiss"]
[EventRounds "7"]
[EventCountry "GER"]
[SourceTitle "EXT 2023"]
[Source "ChessBase"]
[SourceDate "2022.10.05"]
[SourceVersion "1"]
[SourceVersionDate "2022.10.05"]
[SourceQuality "1"]

1. e4 e6 2. d4 d5 3. Nc3 Nf6 4. exd5 Nxd5 5. Bd3 Nxc3 6. bxc3 Nd7 7. Nf3 Be7 8. 0-0 0-0 9. Bf4 c5 10. Qd2 Qa5 11. Qe3 Nf6 12. Ne5 Nd5 13. Qh3 f5 14. Bd2 Bf6 15. c4 Qxd2 16. cxd5 Bxe5 17. dxe5 exd5 18. Rfe1 Be6 19. Re3 c4 20. Bf1 Rae8 21. f4 d4 22. Rf3 Qxc2 23. Rg3 d3 24. Bxd3 cxd3 25. Rxd3 Rd8 26. Rd6 Qc5+ 0-1

[Event "Paderborn op 16th"]
[Site "Paderborn"]
[Date "2019.12.29"]
[Round "6"]
[White "Steinle, Carsten"]
[Black "Bock, Juergen"]
[Result "0-1"]
[WhiteElo "2128"]
[BlackElo "2242"]
[PlyCount "86"]
[EventDate "2019.12.27"]
[EventType "swiss"]
[EventRounds "7"]
[EventCountry "GER"]
[SourceTitle "CBM 194 Extra"]
[Source "ChessBase"]
[SourceDate "2020.03.31"]
[SourceVersion "1"]
[SourceVersionDate "2020.03.31"]
[SourceQuality "1"]

1. Nf3 g6 2. e4 Bg7 3. g3 c5 4. Bg2 Nc6 5. 0-0 d6 6. Nc3 e5 7. d3 Nge7 8. Be3 0-0 9. Qd2 Nd4 10. Nh4 f5 11. f4 Be6 12. Rae1 Qd7 13. fxe5 dxe5 14. Rf2 Rf7 15. Bh6 Qd6 16. Bxg7 Kxg7 17. Nf3 Nxf3+ 18. Bxf3 f4 19. gxf4 Rxf4 20. Ne2 Rf7 21. Ref1 Raf8 22. Bg2 Rxf2 23. Rxf2 Rxf2 24. Kxf2 Bg4 25. Nc3 Qf6+ 26. Kg1 Be6 27. Qe3 b6 28. Bh3 Bf7 29. Nb5 Nc6 30. a3 Nd4 31. Nxa7 Nxc2 32. Qg3 Nd4 33. Bg4 Qg5 34. Kg2 h5 35. Bc8 Qe7 36. Bh3 Qxa7 37. Qxe5+ Kg8 38. Qf6 Qa5 39. Qd8+ Kg7 40. Qg5 Qe1 41. e5 Qe2+ 42. Kh1 Qf3+ 43. Kg1 Ne2# 0-1

[Event "Paderborn op 16th"]
[Site "Paderborn"]
[Date "2019.12.28"]
[Round "3"]
[White "Steinle, Carsten"]
[Black "Levin, Felix"]
[Result "0-1"]
[WhiteElo "2128"]
[BlackElo "2468"]
[PlyCount "66"]
[EventDate "2019.12.27"]
[EventType "swiss"]
[EventRounds "7"]
[EventCountry "GER"]
[SourceTitle "CBM 194 Extra"]
[Source "ChessBase"]
[SourceDate "2020.03.31"]
[SourceVersion "1"]
[SourceVersionDate "2020.03.31"]
[SourceQuality "1"]

1. Nf3 d5 2. b3 c5 3. e3 Nf6 4. Bb2 Nc6 5. d4 Qa5+ 6. Qd2 Qc7 7. dxc5 e6 8. Bd3 Bxc5 9. 0-0 Be7 10. Nc3 0-0 11. e4 dxe4 12. Nxe4 Nd5 13. Rfe1 Nf4 14. Bb5 f6 15. Rad1 e5 16. Bc4+ Kh8 17. Nd6 Bg4 18. Re3 Bxf3 19. Nb5 Qc8 20. Rxf3 Rd8 21. Bd3 a6 22. Nc3 Qg4 23. Rg3 Qh5 24. a3 Nd4 25. Re1 Rac8 26. Kh1 b5 27. Qd1 b4 28. axb4 Bxb4 29. Qxh5 Nxh5 30. Rh3 Nf4 31. Rxh7+ Kg8 32. Rh4 Nxd3 33. cxd3 Bxc3 0-1

[Event "Heusenstamm Sparkassen op-A 6th"]
[Site "Heusenstamm"]
[Date "2019.11.21"]
[Round "1"]
[White "Eg, Karlheinz"]
[Black "Steinle, Carsten"]
[Result "0-1"]
[WhiteElo "1861"]
[BlackElo "2137"]
[PlyCount "62"]
[EventDate "2019.11.21"]
[EventType "swiss"]
[EventRounds "7"]
[EventCountry "GER"]
[SourceTitle "CBM 194 Extra"]
[Source "ChessBase"]
[SourceDate "2020.03.31"]
[SourceVersion "1"]
[SourceVersionDate "2020.03.31"]
[SourceQuality "1"]

1. e4 e6 2. d4 d5 3. exd5 exd5 4. c4 Nf6 5. Nc3 Be7 6. Nf3 0-0 7. Bd3 c6 8. Ne5 Be6 9. c5 b6 10. b4 a5 11. Na4 Nfd7 12. f4 Nxe5 13. dxe5 bxc5 14. bxc5 f5 15. exf6 Bxf6 16. Qh5 g6 17. Bxg6 Qe7 18. Qxh7+ Qxh7 19. Bxh7+ Kxh7 20. Rb1 Nd7 21. 0-0 Rab8 22. Bd2 Bf5 23. Rbc1 Rb5 24. Rfe1 Be4 25. g4 Bd4+ 26. Kf1 Ne5 27. Nc3 Bd3+ 28. Kg2 Rb2 29. fxe5 Rxd2+ 30. Kg3 Bf2+ 31. Kh3 Bxe1 0-1

[Event "Dortmund Sparkassen op 47th"]
[Site "Dortmund"]
[Date "2019.07.21"]
[Round "9"]
[White "Steinle, Carsten"]
[Black "Beckmann, David"]
[Result "1-0"]
[WhiteElo "2147"]
[BlackElo "2016"]
[PlyCount "117"]
[EventDate "2019.07.13"]
[EventType "swiss"]
[EventRounds "9"]
[EventCountry "GER"]
[SourceTitle "EXT 2020"]
[Source "ChessBase"]
[SourceDate "2019.10.17"]
[SourceVersion "1"]
[SourceVersionDate "2019.10.17"]
[SourceQuality "1"]

1. Nf3 d5 2. g3 Nf6 3. Bg2 c6 4. d3 Bg4 5. c3 Nbd7 6. Nbd2 e6 7. 0-0 Bc5 8. Qc2 0-0 9. e4 dxe4 10. dxe4 e5 11. h3 Bh5 12. b4 Be7 13. Nc4 Qc7 14. Nh4 b5 15. Nf5 Rfe8 16. Nxe7+ Rxe7 17. Ne3 Nb6 18. Nf5 Rd7 19. Bg5 Ne8 20. Be3 Nc4 21. a4 f6 22. axb5 cxb5 23. Ra6 Nxe3 24. Nxe3 Bf7 25. Rfa1 Nd6 26. h4 Nc4 27. Nd5 Bxd5 28. exd5 Rd6 29. Rc6 Qd7 30. Qe2 Rd8 31. Kh2 Qe7 32. Rxc4 bxc4 33. Qxc4 f5 34. Qa2 e4 35. c4 a6 36. Bf1 Kh8 37. Rd1 f4 38. Qe2 Rf6 39. Re1 Re8 40. c5 fxg3+ 41. fxg3 e3 42. Bg2 Rf2 43. Qxf2 exf2 44. Rxe7 Rxe7 45. d6 Re2 46. Bf1 Rd2 47. Kg2 Kg8 48. Bxa6 Kf8 49. Kf1 Ke8 50. Bb5+ Kd8 51. Bc6 Rd4 52. b5 Rc4 53. b6 Rxc5 54. b7 Rc1+ 55. Kxf2 Rb1 56. Ke3 g6 57. Kd4 h6 58. Kc5 g5 59. Bb5 1-0

[Event "Dortmund Sparkassen op 47th"]
[Site "Dortmund"]
[Date "2019.07.17"]
[Round "5"]
[White "Steinle, Carsten"]
[Black "Kracht, Raphael"]
[Result "1/2-1/2"]
[WhiteElo "2147"]
[BlackElo "2000"]
[PlyCount "88"]
[EventDate "2019.07.13"]
[EventType "swiss"]
[EventRounds "9"]
[EventCountry "GER"]
[SourceTitle "EXT 2020"]
[Source "ChessBase"]
[SourceDate "2019.10.17"]
[SourceVersion "1"]
[SourceVersionDate "2019.10.17"]
[SourceQuality "1"]

1. b3 e5 2. Bb2 Nc6 3. e3 Nf6 4. Bb5 Bd6 5. Nc3 0-0 6. Qe2 Nb4 7. Rc1 a6 8. Bd3 Nxd3+ 9. cxd3 Re8 10. Nf3 Bf8 11. Ne4 Nxe4 12. dxe4 d6 13. h3 c5 14. 0-0 Qa5 15. Ra1 Bd7 16. d3 b5 17. Nd2 Qb6 18. f4 a5 19. Qh5 f6 20. g4 g6 21. Qh4 Bg7 22. Qf2 Rf8 23. f5 a4 24. Nf3 axb3 25. axb3 g5 26. h4 h6 27. Bc3 Bc6 28. hxg5 hxg5 29. Nd2 Qb7 30. Qg2 Rxa1 31. Rxa1 Ra8 32. Qf1 Bf8 33. Kf2 Ra6 34. Ke2 Qa8 35. Qh1 Rxa1 36. Qxa1 Qxa1 37. Bxa1 Kf7 38. d4 Ke7 39. Bc3 Kd8 40. Ba5+ Kc8 41. Kd3 Be7 42. d5 Bd7 43. Nf1 Kb7 44. b4 Ka6 1/2-1/2

[Event "Muenster op 36th"]
[Site "Muenster"]
[Date "2018.10.16"]
[Round "6"]
[White "Steinle, Carsten"]
[Black "Schmidt, Alexander2222"]
[Result "1-0"]
[WhiteElo "2140"]
[BlackElo "2032"]
[PlyCount "59"]
[EventDate "2018.10.12"]
[EventType "swiss"]
[EventRounds "9"]
[EventCountry "GER"]
[SourceTitle "CBM 187 Extra"]
[Source "ChessBase"]
[SourceDate "2018.11.04"]
[SourceVersion "1"]
[SourceVersionDate "2018.11.04"]
[SourceQuality "1"]

1. d4 d5 2. Nf3 Nf6 3. Bf4 e6 4. Nc3 Bd6 5. Bg5 Be7 6. Bxf6 Bxf6 7. e4 dxe4 8. Nxe4 Nd7 9. Bd3 0-0 10. h4 e5 11. Nfg5 h6 12. Qh5 exd4 13. f4 Qe7 14. 0-0-0 Nc5 15. Nxc5 Bxg5 16. hxg5 Qxc5 17. g4 Bd7 18. f5 Bb5 19. Bxb5 Qxb5 20. gxh6 g6 21. fxg6 Qxh5 22. gxh5 Rfd8 23. Rdf1 Rd7 24. Rf6 Re7 25. Rhf1 fxg6 26. hxg6 Rae8 27. Rf7 Re1+ 28. Rxe1 Rxe1+ 29. Kd2 Rh1 30. h7+ 1-0

[Event "Ruhrgebiet Verbandsliga Gruppe 1 1819"]
[Site "Nordrheinwestfalen"]
[Date "2018.10.07"]
[Round "2.1"]
[White "Ribbeheger, Edgar"]
[Black "Steinle, Carsten"]
[Result "1-0"]
[WhiteElo "2005"]
[BlackElo "2119"]
[PlyCount "65"]
[EventDate "2018.09.23"]
[EventType "team-tourn"]
[EventRounds "9"]
[EventCountry "GER"]
[SourceTitle "EXT 2022"]
[Source "ChessBase"]
[SourceDate "2021.10.06"]
[SourceVersion "1"]
[SourceVersionDate "2021.10.06"]
[SourceQuality "1"]
[WhiteTeam "Sodingen/Castrop SK II"]
[BlackTeam "Ahlen SV"]
[WhiteTeamCountry "GER"]
[BlackTeamCountry "GER"]

1. c4 Nf6 2. Nc3 e5 3. g3 Nc6 4. Bg2 g6 5. Nf3 Bg7 6. 0-0 0-0 7. d3 d6 8. Bg5 h6 9. Bxf6 Bxf6 10. Nd5 Bg7 11. Rb1 Ne7 12. Nxe7+ Qxe7 13. Nd2 f5 14. b4 c6 15. b5 c5 16. Rb3 Be6 17. Nb1 e4 18. Nc3 Qf7 19. Nd5 Bxd5 20. cxd5 exd3 21. Qxd3 Rac8 22. Qc4 b6 23. Re3 Be5 24. Kh1 f4 25. Rf3 Qe7 26. gxf4 Qh4 27. e3 Bg7 28. Rg3 g5 29. Bh3 gxf4 30. Bxc8 Rxc8 31. Rfg1 Rc7 32. exf4 Re7 33. Qc3 1-0

[Event "Dortmund Sparkassen op-A 46th"]
[Site "Dortmund"]
[Date "2018.07.20"]
[Round "7"]
[White "Mueller, Frank3333"]
[Black "Steinle, Carsten"]
[Result "0-1"]
[WhiteElo "2067"]
[BlackElo "2159"]
[PlyCount "38"]
[EventDate "2018.07.14"]
[EventType "swiss"]
[EventRounds "9"]
[EventCountry "GER"]
[SourceTitle "CBM 185 Extra"]
[Source "ChessBase"]
[SourceDate "2018.07.29"]
[SourceVersion "1"]
[SourceVersionDate "2018.07.29"]
[SourceQuality "1"]

1. e4 e6 2. d4 d5 3. Nd2 Nf6 4. e5 Nfd7 5. Bd3 b6 6. Ngf3 c5 7. c4 Nc6 8. Qa4 Nb4 9. Bb1 dxc4 10. Be4 Ba6 11. Bxa8 b5 12. Qd1 Nd3+ 13. Kf1 Qxa8 14. Kg1 Qe4 15. Nb3 Bb7 16. Na5 Ba8 17. b3 cxd4 18. bxc4 bxc4 19. Nb3 Bb4 0-1

[Event "Dortmund Sparkassen op-A 46th"]
[Site "Dortmund"]
[Date "2018.07.18"]
[Round "5"]
[White "Kracht, Raphael"]
[Black "Steinle, Carsten"]
[Result "0-1"]
[WhiteElo "1900"]
[BlackElo "2159"]
[PlyCount "100"]
[EventDate "2018.07.14"]
[EventType "swiss"]
[EventRounds "9"]
[EventCountry "GER"]
[SourceTitle "CBM 185 Extra"]
[Source "ChessBase"]
[SourceDate "2018.07.29"]
[SourceVersion "1"]
[SourceVersionDate "2018.07.29"]
[SourceQuality "1"]

1. e4 e6 2. d4 d5 3. Nd2 Nf6 4. e5 Nfd7 5. f4 c5 6. c3 Nc6 7. Ndf3 cxd4 8. cxd4 g6 9. g3 Bg7 10. Kf2 f6 11. Kg2 Qe7 12. Bd3 Nb6 13. Ne2 Bd7 14. a3 Rc8 15. Bd2 Nc4 16. b3 N4a5 17. Nc3 b6 18. Ba6 Rd8 19. Nb5 0-0 20. Nd6 Nxd4 21. Nxd4 fxe5 22. Bb4 exd4 23. Nb7 Qf7 24. Bxf8 Qxf8 25. Nxa5 bxa5 26. Bd3 a4 27. b4 a5 28. b5 Bxb5 29. Rb1 Bc4 30. Qe2 Bxd3 31. Qxd3 Rc8 32. Rhc1 Rc3 33. Qa6 Qf5 34. Re1 Re3 35. Qxa5 Bf8 36. Qd2 Qe4+ 37. Kg1 Bxa3 38. Rb8+ Bf8 39. Rbb1 a3 40. Ra1 h5 41. Kf2 Qf3+ 42. Kg1 Qe4 43. Kf2 Bg7 44. Rad1 h4 45. gxh4 Qxf4+ 46. Kg1 Rxe1+ 47. Qxe1 Qe3+ 48. Kf1 Qxe1+ 49. Kxe1 d3 50. Rd2 Bc3 0-1

[Event "Dortmund Sparkassen op-A 46th"]
[Site "Dortmund"]
[Date "2018.07.17"]
[Round "4"]
[White "Steinle, Carsten"]
[Black "Wilde, Justin"]
[Result "1-0"]
[WhiteElo "2159"]
[BlackElo "1930"]
[PlyCount "79"]
[EventDate "2018.07.14"]
[EventType "swiss"]
[EventRounds "9"]
[EventCountry "GER"]
[SourceTitle "CBM 185 Extra"]
[Source "ChessBase"]
[SourceDate "2018.07.29"]
[SourceVersion "1"]
[SourceVersionDate "2018.07.29"]
[SourceQuality "1"]

1. Nf3 d5 2. b3 Nf6 3. Bb2 g6 4. c4 c6 5. d3 Bg7 6. g3 0-0 7. Bg2 c5 8. 0-0 Nc6 9. cxd5 Nxd5 10. Bxg7 Kxg7 11. Na3 e5 12. Rc1 Qe7 13. Nc4 Rd8 14. Qc2 b6 15. Qb2 f6 16. Nh4 Bg4 17. Bxd5 Rxd5 18. Ne3 Rd4 19. Nxg4 Rxg4 20. e3 e4 21. Rc4 b5 22. Rc3 Qd7 23. Rxc5 Rxh4 24. Rfc1 Qh3 25. gxh4 Rc8 26. d4 Ne7 27. Rxc8 Nxc8 28. Qc2 Qg4+ 29. Kf1 Nb6 30. Qc7+ Kh6 31. Qg3 Qe6 32. Qf4+ g5 33. hxg5+ fxg5 34. Qf8+ Kh5 35. Rc7 Qh3+ 36. Ke1 Kg4 37. Rc5 Qf3 38. h3+ Kxh3 39. Qh6+ Qh5 40. Qxh5+ 1-0

[Event "Ruhrgebiet Regionalliga 1718"]
[Site "Germany"]
[Date "2018.01.21"]
[Round "5.1"]
[White "Tomaszewski, Roman"]
[Black "Steinle, Carsten"]
[Result "1-0"]
[WhiteElo "2223"]
[BlackElo "2167"]
[PlyCount "42"]
[EventDate "2017.10.01"]
[EventType "team-tourn"]
[EventRounds "9"]
[EventCountry "GER"]
[SourceTitle "EXT 2022"]
[Source "ChessBase"]
[SourceDate "2021.10.06"]
[SourceVersion "1"]
[SourceVersionDate "2021.10.06"]
[SourceQuality "1"]
[WhiteTeam "Sodingen/Castrop SK"]
[BlackTeam "Ahlen SV"]
[WhiteTeamCountry "GER"]
[BlackTeamCountry "GER"]

1. c4 Nf6 2. Nc3 b6 3. d4 e6 4. a3 d5 5. cxd5 Nxd5 6. e4 Nxc3 7. bxc3 Bb7 8. Qg4 Nd7 9. e5 c5 10. Nf3 Qc7 11. Bd2 cxd4 12. cxd4 Qc2 13. Bb5 a6 14. Bxd7+ Kxd7 15. 0-0 Qe4 16. Qg3 Be7 17. Rfb1 b5 18. Bb4 Qg6 19. Qf4 Rhc8 20. Rc1 Rc4 21. Rxc4 bxc4 1-0

[Event "Ruhrgebiet Regionalliga 1718"]
[Site "Germany"]
[Date "2017.10.22"]
[Round "2.1"]
[White "Steinle, Carsten"]
[Black "Aulich, Marcell"]
[Result "1/2-1/2"]
[WhiteElo "2123"]
[BlackElo "2160"]
[PlyCount "110"]
[EventDate "2017.10.01"]
[EventType "team-tourn"]
[EventRounds "9"]
[EventCountry "GER"]
[SourceTitle "EXT 2022"]
[Source "ChessBase"]
[SourceDate "2021.10.06"]
[SourceVersion "1"]
[SourceVersionDate "2021.10.06"]
[SourceQuality "1"]
[WhiteTeam "Ahlen SV"]
[BlackTeam "Horst Emscher"]
[WhiteTeamCountry "GER"]
[BlackTeamCountry "GER"]

1. b3 b6 2. f4 Nf6 3. Nf3 g6 4. Bb2 Bg7 5. e4 0-0 6. d3 c5 7. Nc3 d5 8. e5 Nh5 9. g3 f6 10. d4 fxe5 11. dxe5 e6 12. Bh3 Nc6 13. 0-0 Bh6 14. Nb5 Ne7 15. Nd6 Bd7 16. Qd2 Rxf4 17. gxf4 Nxf4 18. Kh1 Bc6 19. Bxe6+ Nxe6 20. Qxh6 d4 21. Rae1 Qf8 22. Qxf8+ Rxf8 23. Ne4 Rf4 24. Nfd2 Rxf1+ 25. Rxf1 Ng5 26. Re1 Nf5 27. Kg1 Nh3+ 28. Kg2 Nf4+ 29. Kf3 g5 30. Kg4 Ne3+ 31. Kxg5 Nfg2 32. Re2 Kg7 33. Rxg2 h6+ 34. Kf4+ Nxg2+ 35. Kg3 Ne1 36. c3 Nd3 37. Ba1 dxc3 38. Bxc3 Kf7 39. Nd6+ Ke6 40. Nc8 Nc1 41. Nxa7 Bd7 42. a4 Ne2+ 43. Kf3 Nxc3 44. Nc4 Nd5 45. Kg4 Kf7+ 46. Kh5 Kg7 47. Nb5 Be6 48. Nbd6 Bd7 49. Kh4 Kg6 50. Kg3 Be6 51. Kf3 Kg7 52. Ke4 Nc3+ 53. Kd3 Nd5 54. Kd2 Kg6 55. Kc2 Kg5 1/2-1/2

[Event "Dortmund Sparkassen op-A 45th"]
[Site "Dortmund"]
[Date "2017.07.18"]
[Round "4"]
[White "Groneberg, Joerg"]
[Black "Steinle, Carsten"]
[Result "1-0"]
[WhiteElo "1973"]
[BlackElo "2237"]
[PlyCount "41"]
[EventDate "2017.07.15"]
[EventType "swiss"]
[EventRounds "9"]
[EventCountry "GER"]
[SourceTitle "CBM 179 Extra"]
[Source "ChessBase"]
[SourceDate "2017.08.23"]
[SourceVersion "1"]
[SourceVersionDate "2017.08.23"]
[SourceQuality "1"]

1. d4 e6 2. c4 f5 3. g3 Nf6 4. Bg2 c5 5. d5 e5 6. Nc3 d6 7. e4 Be7 8. Nge2 0-0 9. 0-0 Nxe4 10. Nxe4 fxe4 11. Qc2 Bf5 12. Bxe4 Qd7 13. Be3 Na6 14. a3 Bxe4 15. Qxe4 Bf6 16. Nc3 Nc7 17. b4 b6 18. Rab1 Rac8 19. bxc5 dxc5 20. Qd3 Ne6 21. Qf5 1-0